ကရင်လူမျိုးများအကြောင်း / (Record no. 27221)

000 -LEADER
fixed length control field 01238nam a22002177a 4500
005 - DATE AND TIME OF LATEST TRANSACTION
control field 20241112101542.0
008 - FIXED-LENGTH DATA ELEMENTS--GENERAL INFORMATION
fixed length control field 230714b ||||| |||| 00| 0 eng d
040 ## - CATALOGING SOURCE
Transcribing agency SSBUL
Modifying agency SSBUL
041 ## - LANGUAGE CODE
Language code of text/sound track or separate title Myanmar
082 ## - DEWEY DECIMAL CLASSIFICATION NUMBER
Edition number 23
Classification number ၉၅၉.၁၉၅၉၁၉၂ အောင်
Item number ၁၆၀၀၃ (S-SAT)
100 0# - MAIN ENTRY--PERSONAL NAME
Personal name အောင်လှ၊ စော
9 (RLIN) 54558
245 1# - TITLE STATEMENT
Title ကရင်လူမျိုးများအကြောင်း /
Statement of responsibility, etc. စောအောင်လှ၊ ဘာသာပြန်သူ စောသန်းအောင်။
260 ## - PUBLICATION, DISTRIBUTION, ETC.
Place of publication, distribution, etc. [ထုတ်ဝေသည့်နေရာမပါ] ၊
Name of publisher, distributor, etc. [ခုနှစ်မပါ]၊
Date of publication, distribution, etc. ၁၉၄၀။
300 ## - PHYSICAL DESCRIPTION
Extent ၇၂ စာမျက်နှာ၊
Dimensions ၂၁ စင်တီ။
500 ## - GENERAL NOTE
General note S-SAT: Sai Aung Tun.
650 ## - SUBJECT ADDED ENTRY--TOPICAL TERM
Topical term or geographic name entry element ကရင်တိုင်းရင်းသား
General subdivision ယဉ်ကျေးမှုနှင့် ဓလေ့ထုံးစံ။
9 (RLIN) 28009
Topical term or geographic name entry element ကရင်တိုင်းရင်းသား
Geographic subdivision မြန်မာနိုင်ငံ။
9 (RLIN) 54559
Topical term or geographic name entry element ကရင်ပြည်နယ်။
9 (RLIN) 28010
700 ## - ADDED ENTRY--PERSONAL NAME
Personal name သန်း‌အောင်၊ စော
Relator term ဘာသာပြန်သူ
9 (RLIN) 54560
942 ## - ADDED ENTRY ELEMENTS (KOHA)
Source of classification or shelving scheme
Koha item type Book (Short term)
Holdings
Withdrawn status Lost status Source of classification or shelving scheme Damaged status Not for loan Collection code Permanent Location Current Location Shelving location Date acquired Total Checkouts Full call number Barcode Date last seen Price effective from Koha item type Accession
          Special Collections Shan State Buddhist University Library Shan State Buddhist University Library Special Collection Shelves 14/07/2023   ၉၅၉.၁၉၅၉၁၉၂ အောင် ၁၆၀၀၃ (S-SAT) MB00016003 14/07/2023 14/07/2023 Book (Short term) ၁၆၀၀၃ (S-SAT)

Library - 09407999929
Admin Office - 09407999979
Dean Office - 09250910768
Registrar Office - 09892297154
Email - [email protected]
Shan State Buddhist University, Phaya Phyu Taunggyi, Shan State, Myanmar.